[Event "Titled Tuesday intern op 5th Nov"]
[Site "Chess.com INT"]
[Date "2019.11.05"]
[Round "6"]
[White "Ustinova, Olga"]
[Black "Harvey, Marcus Ross"]
[Result "1/2-1/2"]
[WhiteElo "1053"]
[BlackElo "2405"]
[PlyCount "119"]
[EventDate "2019.11.05"]
[EventType "swiss (blitz)"]
[EventRounds "10"]
[EventCountry "USA"]
[SourceTitle "EXT 2021"]
[Source "ChessBase"]
[SourceDate "2020.10.23"]
[SourceVersion "1"]
[SourceVersionDate "2020.10.23"]
[SourceQuality "1"]

1. d4 Nf6 2. Nf3 e6 3. Bf4 Nh5 4. Bc1 Nf6 5. Bf4 b6 6. e3 Nh5 7. Bg5 Be7 8. Bxe7 Qxe7 9. c3 Bb7 10. Nbd2 d6 11. Bd3 Nd7 12. e4 Nf4 13. Bf1 e5 14. g3 Ng6 15. dxe5 Ndxe5 16. Nxe5 Nxe5 17. Bg2 0-0 18. 0-0 f5 19. exf5 Bxg2 20. Kxg2 Rxf5 21. Ne4 Raf8 22. f4 Nc4 23. Re1 Qf7 24. Qc2 d5 25. Nf2 Qg6 26. Re2 Qc6 27. Kg1 h5 28. Rae1 h4 29. Re7 Nd6 30. Qe2 Nc8 31. Re8 Rxe8 32. Qxe8+ Qxe8 33. Rxe8+ Rf8 34. Re5 hxg3 35. hxg3 c6 36. Nd3 a5 37. a4 Nd6 38. Kg2 Nc4 39. Re6 Rf6 40. Rxf6 gxf6 41. g4 b5 42. axb5 cxb5 43. Kf3 Kf7 44. g5 Kg6 45. gxf6 Kxf6 46. Ke2 Kf5 47. b3 Nd6 48. Ke3 a4 49. bxa4 bxa4 50. Kd4 a3 51. Nb4 Ke6 52. Na2 Ne4 53. c4 Nf6 54. cxd5+ Nxd5 55. f5+ Kd6 56. Kc4 Ke5 57. f6 Nxf6 58. Kb3 Ne4 59. Nc3 Nxc3 60. Kxa3 1/2-1/2

[Event "Titled Tuesday intern op 5th Nov"]
[Site "Chess.com INT"]
[Date "2019.11.05"]
[Round "3"]
[White "Ustinova, Olga"]
[Black "Kotepalli, Sai Nirupama"]
[Result "1/2-1/2"]
[WhiteElo "1053"]
[BlackElo "1914"]
[PlyCount "96"]
[EventDate "2019.11.05"]
[EventType "swiss (blitz)"]
[EventRounds "10"]
[EventCountry "USA"]
[SourceTitle "EXT 2021"]
[Source "ChessBase"]
[SourceDate "2020.10.23"]
[SourceVersion "1"]
[SourceVersionDate "2020.10.23"]
[SourceQuality "1"]

1. d4 Nc6 2. Nf3 d5 3. Bf4 Nf6 4. e3 g6 5. Nbd2 Bg7 6. c3 0-0 7. h3 h5 8. Be2 Re8 9. 0-0 Nh7 10. Re1 e5 11. dxe5 Nxe5 12. Nxe5 Bxe5 13. Bxe5 Rxe5 14. Nf3 Re8 15. Qb3 c6 16. Rad1 Qb6 17. Qc2 Be6 18. Bd3 Nf8 19. Re2 Kg7 20. Red2 c5 21. c4 Rad8 22. cxd5 Rxd5 23. b3 Red8 24. Bc4 Rxd2 25. Rxd2 Rxd2 26. Nxd2 Nd7 27. Qc3+ Kg8 28. Ne4 Bxc4 29. Qxc4 Qc6 30. Ng5 Ne5 31. Qf4 Qd6 32. Ne4 Qe7 33. Nf6+ Kg7 34. Nd5 Qd6 35. e4 Qe6 36. f3 c4 37. bxc4 Nxc4 38. h4 Nb6 39. Ne3 Qxa2 40. Qe5+ Kg8 41. Qb8+ Kg7 42. Qxb7 Qa5 43. Kh2 Qe5+ 44. Kh3 Qe6+ 45. Kh2 Qa2 46. Kh3 Qe6+ 47. Kg3 Qd6+ 48. Kh3 Qe6+ 1/2-1/2

[Event "Titled Tuesday intern op 5th Nov"]
[Site "Chess.com INT"]
[Date "2019.11.05"]
[Round "9"]
[White "Ustinova, Olga"]
[Black "Torngren, Gustav"]
[Result "1-0"]
[WhiteElo "1053"]
[BlackElo "2247"]
[PlyCount "127"]
[EventDate "2019.11.05"]
[EventType "swiss (blitz)"]
[EventRounds "10"]
[EventCountry "USA"]
[SourceTitle "EXT 2021"]
[Source "ChessBase"]
[SourceDate "2020.10.23"]
[SourceVersion "1"]
[SourceVersionDate "2020.10.23"]
[SourceQuality "1"]

1. d4 e6 2. Nf3 Nf6 3. Bf4 c5 4. e3 b6 5. Nbd2 cxd4 6. exd4 Bb7 7. c3 Be7 8. h3 0-0 9. Be2 d6 10. 0-0 Re8 11. Re1 Nbd7 12. Bh2 Nf8 13. a4 a6 14. Qb3 Ng6 15. Nc4 Nd5 16. Ncd2 Qd7 17. Bf1 Rac8 18. Rac1 Bd8 19. Ne4 Bc7 20. Qa3 Red8 21. Nfd2 Nf6 22. Nxf6+ gxf6 23. Qb3 f5 24. Qd1 Kh8 25. Qh5 Rg8 26. Nf3 Qxa4 27. Ng5 Rg7 28. Bd3 Qc6 29. f3 Bd8 30. Re2 Bxg5 31. Qxg5 Rcg8 32. Kh1 Nf8 33. Qf4 Ng6 34. Qxd6 Nh4 35. Qxc6 Bxc6 36. Rf2 f6 37. Bf1 b5 38. Ra1 Ra7 39. b3 Rc8 40. c4 bxc4 41. bxc4 Ng6 42. Rfa2 Rca8 43. Bg1 Rb7 44. Rxa6 Rxa6 45. Rxa6 Rb1 46. Rxc6 Rxf1 47. Rxe6 Nf4 48. Re7 Rc1 49. d5 Kg8 50. d6 Kf8 51. Rxh7 Ne2 52. d7 Rxg1+ 53. Kh2 Rd1 54. c5 Nc3 55. c6 Nb5 56. Rh8+ Ke7 57. Re8+ Kf7 58. d8Q Rxd8 59. Rxd8 Ke6 60. h4 f4 61. h5 Ke7 62. Rd7+ Ke6 63. h6 Nd4 64. Rxd4 1-0